| 000 -LEADER |
| fixed length control field |
01605cam a22003974a 4500 |
| 001 - CONTROL NUMBER |
| control field |
13507200 |
| 003 - CONTROL NUMBER IDENTIFIER |
| control field |
OSt |
| 005 - DATE AND TIME OF LATEST TRANSACTION |
| control field |
20211119161123.0 |
| 008 - FIXED-LENGTH DATA ELEMENTS--GENERAL INFORMATION |
| fixed length control field |
040301s2004 gw a b 001 0 eng |
| 010 ## - LIBRARY OF CONGRESS CONTROL NUMBER |
| LC control number |
2004103117 |
| 020 ## - INTERNATIONAL STANDARD BOOK NUMBER |
| International Standard Book Number |
3540210962 (pbk. : alk. paper) |
| 035 ## - SYSTEM CONTROL NUMBER |
| System control number |
(DLC) 2004103117 |
| 038 ## - RECORD CONTENT LICENSOR |
| Staff Name |
Khadija |
| 040 ## - CATALOGING SOURCE |
| Original cataloging agency |
DLC |
| Transcribing agency |
DLC |
| Modifying agency |
DLC |
| 041 1# - LANGUAGE CODE |
| Language code of text/sound track or separate title |
eng |
| Language code of original |
jpn |
| 042 ## - AUTHENTICATION CODE |
| Authentication code |
pcc |
| 050 00 - LIBRARY OF CONGRESS CALL NUMBER |
| Classification number |
TJ163.12 |
| Item number |
.N35 2004 |
| 082 ## - DEWEY DECIMAL CLASSIFICATION NUMBER |
| Classification number |
629.89 |
| Author Mark |
NAK |
| 100 1# - MAIN ENTRY--PERSONAL NAME |
| Personal name |
Nakamura, M. |
| Fuller form of name |
(Masatoshi), |
| Dates associated with a name |
1943- |
| 9 (RLIN) |
84685 |
| 245 10 - TITLE STATEMENT |
| Title |
Mechatronic Servo System Control : |
| Remainder of title |
Problems in Industries and their Theoretical Solutions / |
| Statement of responsibility, etc. |
M. Nakamura, S. Goto, N. Kyura ; translated by Tao Zhang. |
| 260 ## - PUBLICATION, DISTRIBUTION, ETC. |
| Place of publication, distribution, etc. |
Berlin ; |
| -- |
New York : |
| Name of publisher, distributor, etc. |
Springer, |
| Date of publication, distribution, etc. |
c2004. |
| 300 ## - PHYSICAL DESCRIPTION |
| Extent |
xvi, 196 p. : |
| Other physical details |
ill. ; |
| Dimensions |
24 cm. |
| 440 #0 - SERIES STATEMENT/ADDED ENTRY--TITLE |
| Title |
Lecture notes in control and information sciences ; |
| Volume/sequential designation |
300 |
| 9 (RLIN) |
84686 |
| 504 ## - BIBLIOGRAPHY, ETC. NOTE |
| Bibliography, etc. note |
Includes bibliographical references and index. |
| 563 ## - BINDING INFORMATION |
| Binding note |
PB |
| 650 #0 - SUBJECT ADDED ENTRY--TOPICAL TERM |
| Topical term or geographic name entry element |
Mechatronics. |
| 9 (RLIN) |
84687 |
| 650 #0 - SUBJECT ADDED ENTRY--TOPICAL TERM |
| Topical term or geographic name entry element |
Manufacturing processes |
| General subdivision |
Automation. |
| 9 (RLIN) |
84688 |
| 650 #0 - SUBJECT ADDED ENTRY--TOPICAL TERM |
| Topical term or geographic name entry element |
Servomechanisms. |
| 9 (RLIN) |
84689 |
| 700 1# - ADDED ENTRY--PERSONAL NAME |
| Personal name |
Gotō, S. |
| Fuller form of name |
(Satoru) |
| 9 (RLIN) |
84690 |
| 700 1# - ADDED ENTRY--PERSONAL NAME |
| Personal name |
Kyūra, N. |
| Fuller form of name |
(Nobuhiro) |
| 9 (RLIN) |
84691 |
| 856 42 - ELECTRONIC LOCATION AND ACCESS |
| Materials specified |
Publisher description |
| Uniform Resource Identifier |
<a href="http://www.loc.gov/catdir/enhancements/fy0813/2004103117-d.html">http://www.loc.gov/catdir/enhancements/fy0813/2004103117-d.html</a> |
| 856 41 - ELECTRONIC LOCATION AND ACCESS |
| Materials specified |
Table of contents only |
| Uniform Resource Identifier |
<a href="http://www.loc.gov/catdir/enhancements/fy0813/2004103117-t.html">http://www.loc.gov/catdir/enhancements/fy0813/2004103117-t.html</a> |
| 906 ## - LOCAL DATA ELEMENT F, LDF (RLIN) |
| a |
7 |
| b |
cbc |
| c |
orignew |
| d |
2 |
| e |
epcn |
| f |
20 |
| g |
y-gencatlg |
| 942 ## - ADDED ENTRY ELEMENTS (KOHA) |
| Source of classification or shelving scheme |
|
| Koha item type |
Book |